Online
Catalog

Después del manglar / (Record no. 1558)

MARC details
000 -CABECERA
campo de control de longitud fija 00663cam a2200205 a 4500
001 - NÚMERO DE CONTROL
campo de control 000001677
005 - FECHA Y HORA DE LA ÚLTIMA TRANSACCIÓN
campo de control 20200929145646.0
008 - DATOS DE LONGITUD FIJA--INFORMACIÓN GENERAL
campo de control de longitud fija 771209s1973 pn 000 d spa
082 ## - NÚMERO DE LA CLASIFICACIÓN DECIMAL DEWEY
Número de clasificación 862.6
Número de documento/Ítem C548d
040 ## - FUENTE DE LA CATALOGACIÓN
Centro catalogador/agencia de origen DO-SdBNP
100 1# - ENTRADA PRINCIPAL--NOMBRE DE PERSONA
Nombre de persona Chong Ruíz, Eustorgio A.
Fechas asociadas al nombre 1934-
9 (RLIN) 5454
245 10 - MENCIÓN DE TÍTULO
Título Después del manglar /
Mención de responsabilidad, etc. Eustorgio A. Chong Ruiz.
260 ## - PUBLICACIÓN, DISTRIBUCIÓN, ETC.
Lugar de publicación, distribución, etc. Panamá :
Nombre del editor, distribuidor, etc. INCUDE,
Fecha de publicación, distribución, etc. 1973.
300 ## - DESCRIPCIÓN FÍSICA
Extensión 93 p. ;
Dimensiones 21 cm.
586 ## - NOTA DE PREMIOS
Nota de premios Concurso literario Ricardo Miro, sección teatro, 1972
504 ## - NOTA DE BIBLIOGRAFÍA, ETC.
Nota de bibliografía, etc. Biografía del autor en la solapa de la cubierta
650 #4 - PUNTO DE ACCESO ADICIONAL DE MATERIA--TÉRMINO DE MATERIA
Término de materia o nombre geográfico como elemento de entrada Teatro panameño
9 (RLIN) 5455
651 #4 - PUNTO DE ACCESO ADICIONAL DE MATERIA--NOMBRE GEOGRÁFICO
Nombre geográfico Panamá
Subdivisión general Teatro
9 (RLIN) 5456
910 ## - DATOS DE OPCIÓN DEL USUARIO (OCLC)
Datos de opción del usuario Catalogación por copia / LC
Holdings
Estado de retiro Estado de pérdida Restricciones de uso No para préstamo Código de colección Localización permanente Ubicación/localización actual Ubicación en estantería Fecha de adquisición Número de inventario Total de préstamos Signatura topográfica completa Código de barras Fecha visto por última vez Precio válido a partir de Tipo de ítem Koha Número de copia
    Préstamo interno   Monografías: Libros y Folletos General General En catalogación 09.09.2009 LF1   862.6 C548d 1677-10 25.06.2020 25.06.2020 Préstamo interno  
    Préstamo restringido Préstamo restrigido Monografías: Libros y Folletos General General En catalogación 09.09.2009 LF1   862.6 C548d 1677-20 25.06.2020 25.06.2020 Préstamo interno e.2

Powered by Koha